000 00836nam a2200253Ia 4500
003 OSt
005 20220923223429.0
006 a|||||r|||| 00| 0
007 ta
008 220922b |||||||| |||| 00| 0 hin d
024 _a215,212
037 _cTextual
040 _aARTS
_cARTS
_bhin
041 _2hin
_ahin
082 _aO152,3N14:g, K3
100 _aनायक, प्रवीण
_9156291
245 0 _aयशपाल का औपन्यासिक शिल्प
246 _aYashapāl kā aupanyāsik shilpa
260 _aआगरा
_b सस्वती पुस्तक सदन
_c1963
300 _a184 पृ.
_ccm.
650 _aहिन्दी साहित्य
_9156264
942 _hO152,3N14:g, K3
_cTEXL
_2CC
999 _c365121
_d365121